LEADER 00988nam a22002771i 4500 001 991002680769707536 005 20040301063857.0 008 040624s1939 it a||||||||||||||||ita 035 $ab12961395-39ule_inst 035 $aARCHE-091907$9ExL 040 $aDip.to Beni Culturali$bita$cA.t.i. Arché s.c.r.l. Pandora Sicilia s.r.l. 082 04$a937 100 1 $aCagiano de Azevedo, Michelangelo$0155769 245 13$aLe strade /$cdi Michelangelo Cagiano De Azevedo 260 $aRoma :$bCarlo Colombo,$c1939 300 $a55 p. :$bill. ;$c25 cm 440 0$aCiviltà romana 440 0$aMostra della romanità ;$v13 650 4$aStrade romane 650 4$aViaggi$zRoma antica 907 $a.b12961395$b02-04-14$c12-07-04 912 $a991002680769707536 945 $aLE001 AN XIII 3$g1$i2001000056514$lle001$nC. 1$o-$pE0.00$q-$rl$s- $t0$u0$v0$w0$x0$y.i1356271x$z12-07-04 996 $aStrade$9280282 997 $aUNISALENTO 998 $ale001$b12-07-04$cm$da $e-$fita$git $h3$i1